000 01390cad a22002175a 4500
001 L153399
008 110720s2011 xxk f 000 0 eng d
035 _a(Sirsi) u153399
041 0 _aeng
110 2 _aNational Self Build Association
_95919
245 0 3 _aAn action plan to promote the growth of self build housing
_h[electronic resource]
260 _a[S.l.]
_bNaSBA
_c2011
520 _aThis report was prepared by the National Self Build Association (NaSBA) on behalf of the joint Government-Industry Self Build Working Group that was set up in early 2011 to look at what could be done to grow the sector. Looks at the key challenges, lessons from international self build housing practices (Ireland, Scotland, Germany, the Netherlands, Australia and the United States), alternative procurement models, land and procurement models, lending and finance, regulation and red tape, the self build industry, and an action plan summary. RICS contributed.
590 _aKA NTK
651 4 _aUnited Kingdom
_y
690 _aBUILT ENVIRONMENT-CONSTRUCTION MANAGEMENT-CONSTRUCTION DESIGN AND MANAGEMENT
690 _aPROPERTY-RESIDENTIAL PROPERTY-DOMESTIC RESIDENTIAL PROPERTY-HOUSING
690 _aBUILT ENVIRONMENT-CONSTRUCTION MARKET
856 4 0 _uhttps://www.rics.org/site/download_feed.aspx?fileID=9984&fileExtension=PDF
_zView this item free of charge at rics.org
942 _n0
999 _c112495
_d112495